La familia tipo /
Guardado en:
| Autor Principal: | |
|---|---|
| Formato: | Libro |
| Publicado: |
Buenos Aires :
Sudamericana/planeta,
1984
|
| Edición: | 2a. ed. |
| Materias: | |
| Etiquetas: |
Agregar Etiqueta
Sin Etiquetas, Sea el primero en etiquetar este registro!
|
| LEADER | 00656nam a22002295a 4500 | ||
|---|---|---|---|
| 001 | CEM.cems000747 | ||
| 005 | 20060210000000.0 | ||
| 008 | 130507s1984##################000#0#####d | ||
| 003 | CEMS | ||
| 082 | 0 | 4 | |a A863.4 |
| 100 | 1 | |a Asís, Jorge | |
| 245 | 1 | 0 | |a La familia tipo / |
| 250 | |a 2a. ed. | ||
| 260 | |a Buenos Aires : |b Sudamericana/planeta, |c 1984 | ||
| 300 | |a 178 p. | ||
| 505 | 0 | |a La familia tipo -- El infiltrado -- Estela | |
| 653 | |a Cuento argentino-siglo 20 | ||
| 653 | |a Cuentos | ||
| 653 | |a Literatura | ||
| 653 | |a Literatura argentina | ||
| 653 | |a Novela argentina-siglo 20 | ||
| 859 | |a CEMS |b BIB. CEMS - 11 de abril |h A863.4 |i As11-1a2 |p 15921.90 |t Ej.1 | ||
